|
|
|
|
| LEADER |
00000nam0a2200000 4500 |
| 001 |
26055 |
| 005 |
20231030201431.0 |
| 010 |
|
|
|a 5719602127
|
| 035 |
|
|
|a (RuTPU)RU\TPU\book\26295
|
| 035 |
|
|
|a BOOK00000212
|
| 090 |
|
|
|a 26055
|
| 100 |
|
|
|a 20011209d1992 km y0laty50 ba
|
| 101 |
0 |
|
|a lat
|a rus
|
| 102 |
|
|
|a RU
|
| 105 |
|
|
|a а e 001zy
|
| 200 |
1 |
|
|a По-латыни между прочим
|e словарь латинских выражений
|f В. П. Сомов
|
| 210 |
|
|
|a Москва
|c ГИТИС
|d 1992
|
| 215 |
|
|
|a 226 с.
|c ил.
|
| 300 |
|
|
|a На обл. авт. не указан.
|
| 320 |
|
|
|a Алф. указ. рус. пер.: с. 206-226.
|
| 610 |
1 |
|
|a латинский язык
|
| 610 |
1 |
|
|a словари
|
| 610 |
1 |
|
|a лексика
|
| 610 |
1 |
|
|a фразеология
|
| 610 |
1 |
|
|a крылатые слова
|
| 686 |
|
|
|a Ш146
|v LBC/SL-A
|2 rubbk
|
| 700 |
|
1 |
|a Сомов
|b В. П.
|g Валерий Павлович
|
| 801 |
|
0 |
|a RU
|b 63413507
|c 20011209
|g PSBO
|
| 801 |
|
2 |
|a RU
|b 63413507
|c 20090716
|g PSBO
|
| 942 |
|
|
|c BK
|